000 00528nam a2200181Ia 4500
003 GCL
008 140319s9999 xx 000 0 eng d
040 _aGCL /
_cGCL
082 0 4 _a302.346
_bK C
100 1 _aKENDOM, ADAM
245 1 0 _aCONDUCTING INTERACTION: PATTERN OF BEHAVIOR IN FOCUSED ENCOUNTER /
_cKENDOM, ADAM
260 _a[S.N] :
_bCAMBRIBGE UNIVERSITY PRESS ،
_c1990
300 _a292 P
650 0 4 _aنانسى ريجان
650 0 4 _aINTERPERSONAL COMMUNICATION
650 0 4 _aCONVERSATION
942 _2ddc
_cBK
999 _c24367
_d24367